Soft power : China's emerging strategy in international politics

Enregistré dans:
Détails bibliographiques
Autres auteurs: Mingjiang, Li
Format: Livre
Langue:anglais
Publié: Lanham Lexington Books 2011
Sujets:
Tags: Ajouter un tag
Pas de tags, Soyez le premier à ajouter un tag!

MARC

LEADER 00000nam a2200000 4500
001 0177614
005 20240315115717.7
020 |a 978-0-7391-3378-1 
041 0 |a eng 
044 |a US 
245 1 0 |a Soft power : China's emerging strategy in international politics  |c edited by Li Mingjiang 
264 1 |a Lanham  |b Lexington Books  |c 2011 
300 |a vii, 275 s. 
610 2 0 |a politika medzinárodná 
610 2 0 |a vzťahy medzinárodné 
610 2 0 |a vzťahy zahraničné 
610 2 0 |a diplomacia 
610 2 0 |a Čína 
700 1 |a Mingjiang, Li